| 000 | 00785nam a2200229 4500 | ||
|---|---|---|---|
| 003 | CO-ViMGA | ||
| 020 | _a9789583034527 | ||
| 040 |
_aCO-ViMGA _bspa _cCO-ViMGA |
||
| 082 | 0 | 4 |
_a613.0432 _bI51g |
| 100 | 1 |
_aIannelli, Vicent _94912 |
|
| 245 | 1 | 0 |
_aEl gran libro del primer año como padre: _bguía de supervivencia para los primeros doce meses como papá / _cVicent Iannelli |
| 260 |
_aBogotá : _bPanamericana Editorial ltda. _c2010 |
||
| 300 |
_a280 p. : _b27 cm. |
||
| 500 | _aIncluye índice | ||
| 650 | 1 | 4 |
_aBabés _vCuidados e higiene _94915 |
| 650 | 1 | 4 |
_aDesarrollo infantil _9793 |
| 650 | 1 | 4 |
_aLactantes _vCuidados e higiene _94913 |
| 650 | 1 | 4 |
_aPadres e hijos _971 |
| 650 | 1 | 4 |
_aPaternidad _vPsicología _xEnseñanza _94914 |
| 700 | 1 |
_aSchmid, Marisa _etr. _94916 |
|
| 942 |
_cBK _2ddc |
||
| 999 |
_c35861 _d35861 |
||